[Event "Moscow-chT U26 final"]
[Site "Moscow"]
[Date "2010.11.07"]
[Round "1"]
[White "Karpenko, Alexander"]
[Black "Pugachov, Vladimir"]
[Result "0-1"]
[WhiteElo "2147"]
[BlackElo "2120"]
[PlyCount "64"]
[EventDate "2010.11.07"]
[EventType "team-tourn"]
[EventRounds "9"]
[EventCountry "RUS"]
[SourceTitle "CBM 139 Extra"]
[Source "ChessBase"]
[SourceDate "2011.01.05"]
[SourceVersion "1"]
[SourceVersionDate "2011.01.05"]
[SourceQuality "1"]

1. e4 c5 2. Nf3 g6 3. d4 Bg7 4. c3 cxd4 5. cxd4 Nf6 6. Nc3 d5 7. e5 Ne4 8. Bd3 Bf5 9. Qe2 Nxc3 10. bxc3 Bxd3 11. Qxd3 Qd7 12. a4 0-0 13. 0-0 Nc6 14. a5 Rfc8 15. a6 b6 16. Ba3 e6 17. Ne1 Na5 18. f4 Nc4 19. g4 Nxa3 20. Rxa3 Bf8 21. Ra1 Rc4 22. Qh3 Rac8 23. Rc1 Rxd4 24. Nf3 Rd3 25. Qh4 Qe7 26. Qe1 Qc5+ 27. Kh1 Rxc3 28. Rd1 Qe3 29. Qh4 Rc1 30. Ng5 h6 31. Nxf7 Rxd1 32. Rxd1 Qf3+ 0-1

[Event "Perm Rating October"]
[Site "Perm"]
[Date "2010.10.13"]
[Round "8"]
[White "Matveeva, Olga"]
[Black "Karpenko, Alexander"]
[Result "1/2-1/2"]
[WhiteElo "2181"]
[BlackElo "2147"]
[PlyCount "58"]
[EventDate "2010.10.04"]
[EventType "swiss"]
[EventRounds "8"]
[EventCountry "RUS"]
[SourceTitle "EXT 2022"]
[Source "ChessBase"]
[SourceDate "2021.10.06"]
[SourceVersion "1"]
[SourceVersionDate "2021.10.06"]
[SourceQuality "1"]

1. d4 g6 2. c4 Bg7 3. e4 d6 4. Nc3 Nf6 5. Nf3 0-0 6. h3 c5 7. d5 b5 8. cxb5 a6 9. bxa6 Qa5 10. Bd2 Bxa6 11. Bxa6 Qxa6 12. Qe2 Rd8 13. Qxa6 Nxa6 14. Ke2 Rdb8 15. Rab1 Nc7 16. b3 Rb7 17. Kd3 e6 18. dxe6 fxe6 19. e5 dxe5 20. Nxe5 Nfd5 21. f4 Nxc3 22. Bxc3 Rxa2 23. g3 Rg2 24. Rhg1 Rxg1 25. Rxg1 Rxb3 26. Kc4 Ra3 27. Ra1 Rxa1 28. Bxa1 Bf8 29. Nd7 Be7 1/2-1/2

[Event "Perm op2 03"]
[Site "Perm"]
[Date "2008.04.01"]
[Round "6"]
[White "Karpenko, Alexander"]
[Black "Kushka, Alena"]
[Result "0-1"]
[WhiteElo "2137"]
[BlackElo "2052"]
[PlyCount "60"]
[EventDate "2008.03.25"]
[EventType "swiss"]
[EventRounds "7"]
[EventCountry "RUS"]
[SourceTitle "EXT 2022"]
[Source "ChessBase"]
[SourceDate "2021.10.06"]
[SourceVersion "1"]
[SourceVersionDate "2021.10.06"]
[SourceQuality "1"]

1. Nf3 c5 2. g3 g6 3. Bg2 Bg7 4. 0-0 d6 5. d3 e6 6. e4 Ne7 7. c3 0-0 8. Be3 Nbc6 9. Qd2 Rb8 10. Bh6 b5 11. Bxg7 Kxg7 12. Na3 e5 13. Nh4 f6 14. Nc2 b4 15. Ne3 bxc3 16. bxc3 Ba6 17. Rfd1 Qa5 18. Nf3 Rb6 19. d4 cxd4 20. cxd4 Qxd2 21. Rxd2 Rfb8 22. h4 Rb1+ 23. Rxb1 Rxb1+ 24. Kh2 Nxd4 25. Nxd4 exd4 26. Rxd4 Rb6 27. Ra4 h5 28. Bf3 Kf8 29. Bd1 Bd3 30. Bb3 a6 0-1

[Event "Perm Elo op-A"]
[Site "Perm"]
[Date "2007.04.25"]
[Round "1"]
[White "Frolov, Artiom"]
[Black "Karpenko, Alexander"]
[Result "1-0"]
[WhiteElo "2435"]
[BlackElo "2173"]
[PlyCount "59"]
[EventDate "2007.04.25"]
[EventType "swiss"]
[EventRounds "9"]
[EventCountry "RUS"]
[SourceTitle "EXT 2010"]
[Source "ChessBase"]
[SourceDate "2010.11.25"]
[SourceVersion "1"]
[SourceVersionDate "2010.11.25"]
[SourceQuality "1"]

1. e4 g6 2. d4 Bg7 3. Nc3 d6 4. Nge2 Nd7 5. g3 e5 6. Bg2 Ngf6 7. 0-0 0-0 8. h3 exd4 9. Nxd4 Re8 10. Re1 Nc5 11. Nb3 Ne6 12. Be3 a5 13. a4 c6 14. Qd2 Qc7 15. Rad1 Bf8 16. f4 Nd7 17. Nd4 Nxd4 18. Bxd4 Nb6 19. Qf2 Nd7 20. g4 Be7 21. g5 b6 22. b3 Nc5 23. Ne2 Rb8 24. Bb2 Rf8 25. Qh4 b5 26. axb5 Rxb5 27. Qh6 f6 28. f5 gxf5 29. exf5 Bd8 30. gxf6 1-0

[Event "Perm AVGRT op"]
[Site "Perm"]
[Date "2006.08.06"]
[Round "4"]
[White "Samigullina, Diana"]
[Black "Karpenko, Alexander"]
[Result "0-1"]
[WhiteElo "2041"]
[BlackElo "2160"]
[PlyCount "66"]
[EventDate "2006.08.03"]
[EventType "swiss"]
[EventRounds "9"]
[EventCountry "RUS"]
[SourceTitle "EXT 2008"]
[Source "ChessBase"]
[SourceDate "2007.11.25"]
[SourceVersion "1"]
[SourceVersionDate "2007.11.25"]
[SourceQuality "1"]

1. d4 g6 2. c4 Bg7 3. Nc3 d6 4. e4 Nd7 5. Nf3 e5 6. Be2 Nh6 7. 0-0 0-0 8. dxe5 dxe5 9. Qc2 c6 10. Be3 f5 11. Rad1 Qe8 12. Bg5 f4 13. Bxh6 Bxh6 14. b4 g5 15. Nd2 Nf6 16. f3 g4 17. c5 gxf3 18. Bxf3 Be6 19. Nb3 Kh8 20. Kh1 Rg8 21. Na5 Rb8 22. Rd6 Bf8 23. Rd2 b6 24. Nb3 Rg7 25. cxb6 axb6 26. a3 Ra7 27. Nb1 Qf7 28. Nc1 Bc4 29. Rfd1 b5 30. Qc3 Qe6 31. Nd3 Re8 32. Rc1 Ree7 33. Nb2 Ba2 0-1

[Event "Perm AVGRT op"]
[Site "Perm"]
[Date "2006.08.03"]
[Round "1"]
[White "Karpenko, Alexander"]
[Black "Bikmukhametov, Albert"]
[Result "0-1"]
[WhiteElo "2160"]
[BlackElo "1987"]
[PlyCount "74"]
[EventDate "2006.08.03"]
[EventType "swiss"]
[EventRounds "9"]
[EventCountry "RUS"]
[SourceTitle "EXT 2008"]
[Source "ChessBase"]
[SourceDate "2007.11.25"]
[SourceVersion "1"]
[SourceVersionDate "2007.11.25"]
[SourceQuality "1"]

1. Nf3 f5 2. g3 Nf6 3. Bg2 g6 4. 0-0 Bg7 5. d3 0-0 6. e4 d6 7. e5 Ng4 8. exd6 exd6 9. d4 c6 10. c3 Nd7 11. a4 Ngf6 12. a5 Ne4 13. Ne1 h6 14. Nd2 Ndf6 15. Qc2 Qe8 16. Nd3 g5 17. Re1 Qg6 18. a6 bxa6 19. Nb4 c5 20. dxc5 dxc5 21. Nc6 Re8 22. Na5 Rb8 23. Nxe4 Nxe4 24. Be3 Rb6 25. f3 Nf6 26. Bxc5 Rbe6 27. Rxe6 Rxe6 28. Bf1 Qe8 29. Bc4 Kh8 30. Bxe6 Qxe6 31. Kf2 Qd5 32. b4 f4 33. Rd1 fxg3+ 34. hxg3 Qe6 35. Rd8+ Ng8 36. g4 h5 37. Rd6 Qe5 0-1